[Event "OpenVeteranLigueNPC"]
[Site "?"]
[Date "2014.11.29"]
[Round "7"]
[White "Dvorsak, Hans"]
[Black "Deknuydt, Claudy"]
[Result "1-0"]
[WhiteElo "1837"]
[BlackElo "1928"]
[PlyCount "77"]
[SourceDate "2014.11.25"]

1. e4 Nf6 2. Nc3 d5 3. e5 Ne4 4. d4 Nxc3 5. bxc3 Bf5 6. Ne2 e6 7. Ng3 Bg6 8.
Bd3 c5 9. Bxg6 hxg6 10. Be3 Nc6 11. Qb1 Qc7 12. Qb2 Rc8 13. Rb1 b6 14. Qb5 cxd4
15. cxd4 Be7 16. c3 O-O 17. Ne2 Na5 18. Qd3 Qc4 19. Qc2 Nc6 20. Qd2 Rc7 21. Qb2
Rfc8 22. h4 Na5 23. Qd2 Qa4 24. h5 Nc4 25. Qd3 g5 26. Ra1 Na3 27. O-O Nb5 28.
Bd2 Qc4 29. Qf3 Qa4 30. Qg4 Qc2 31. Rfd1 Qa4 32. f4 Ba3 33. Qxg5 Bb2 34. Rab1
Bxc3 35. Bxc3 Nxc3 36. Nxc3 Rxc3 37. h6 g6 38. Qf6 Kf8 39. h7 1-0

[Event "OpenVeteranLigueNPC"]
[Site "?"]
[Date "2014.11.29"]
[Round "7"]
[White "Lucas, Jean"]
[Black "Rosaia, Dany"]
[Result "1-0"]
[WhiteElo "1754"]
[BlackElo "1361"]
[PlyCount "111"]
[SourceDate "2014.11.25"]

1. e4 e6 2. d4 d5 3. Nd2 Nf6 4. e5 Nfd7 5. Bd3 g6 6. Ne2 a6 7. O-O c5 8. c3 Bg7
9. f4 O-O 10. Nf3 Nc6 11. Be3 c4 12. Bc2 b5 13. g4 f6 14. Ng3 Ne7 15. exf6 Nxf6
16. Ne5 Nd7 17. Qd2 Nxe5 18. fxe5 Nc6 19. Bh6 Qh4 20. Rxf8+ Bxf8 21. Bxf8 Kxf8
22. Qf4+ Ke8 23. Rf1 Qe7 24. g5 Ra7 25. Qg4 Nd8 26. Rf6 Qg7 27. Ne2 Rf7 28. Nf4
Rxf6 29. gxf6 Qh6 30. Kg2 Kf7 31. Kg3 g5 32. Nxd5 Qh4+ 33. Qxh4 gxh4+ 34. Kxh4
exd5 35. Bxh7 Kf8 36. Kg3 Be6 37. Bc2 Nf7 38. Kf4 Nh6 39. h4 Kg8 40. Kg5 Nf7+
41. Kg6 Nh8+ 42. Kh6 Nf7+ 43. Kh5 Nh8 44. b3 a5 45. bxc4 bxc4 46. a3 Nf7 47.
Kg6 Nh8+ 48. Kg5 Nf7+ 49. Kf4 Nh6 50. Bg6 Kh8 51. Kg5 Ng8 52. f7 Kg7 53.
fxg8=R+ Bxg8 54. h5 Be6 55. h6+ Kh8 56. Kf6 1-0